[Event "C.to Italiano U14"]
[Site "Merano - Meran ITA"]
[Date "2008.07.06"]
[Round "1"]
[White "Biccheri, Nicolo'"]
[Black "De Filomeno, Simone"]
[Result "0-1"]
[WhiteElo "1464"]
[BlackElo "2102"]
[PlyCount "30"]
[EventDate "2008.07.06"]

1. Nf3 Nf6 2. d4 g6 3. c4 Bg7 4. Bf4 O-O 5. Nc3 d6 6. e4 Nbd7 7. Be2 Nh5 8. Be3
e5 9. Qd2 c6 10. O-O Qe7 11. d5 c5 12. Rfb1 Nhf6 13. h3 Ne8 14. a3 f5 15. b4 f4
0-1

[Event "C.to Italiano U14"]
[Site "Merano - Meran ITA"]
[Date "2008.07.07"]
[Round "2"]
[White "De Filomeno, Simone"]
[Black "Lo Pinto, Giovanni"]
[Result "1/2-1/2"]
[WhiteElo "2102"]
[BlackElo "1614"]
[PlyCount "37"]
[EventDate "2008.07.06"]

1. e4 e6 2. d4 d5 3. Nc3 Bb4 4. e5 c5 5. dxc5 Nc6 6. Nf3 Bxc5 7. Bd3 f6 8. Bf4
fxe5 9. Bxe5 Nf6 10. O-O O-O 11. Qe2 Ng4 12. Rae1 Rxf3 13. Qxf3 Ngxe5 14. Qh3
Nxd3 15. Qxd3 Bb4 16. Rd1 Bxc3 17. Qxc3 Bd7 18. Kh1 Rc8 19. b3 1/2-1/2

[Event "C.to Italiano U14"]
[Site "Merano - Meran ITA"]
[Date "2008.07.08"]
[Round "3"]
[White "D'Urbino, Ilan"]
[Black "Mancassola, Michelangelo"]
[Result "1-0"]
[WhiteElo "1476"]
[BlackElo "1356"]
[PlyCount "87"]
[EventDate "2008.07.06"]

1. e4 c5 2. Nf3 Nc6 3. d4 cxd4 4. Nxd4 a6 5. c4 Nf6 6. Nc3 d6 7. Be3 e5 8. Nc2
Be7 9. Be2 O-O 10. O-O h6 11. a4 Be6 12. f3 Bd7 13. Nd5 Nxd5 14. cxd5 Na7 15.
a5 Bg5 16. b4 Bxe3+ 17. Nxe3 Bb5 18. Rc1 Bxe2 19. Qxe2 Rc8 20. Nc4 Qg5 21. Qe3
Qxe3+ 22. Nxe3 Rxc1 23. Rxc1 Rc8 24. Rxc8+ Nxc8 25. Nc4 Kf8 26. Kf2 Ke7 27. g3
g6 28. f4 exf4 29. gxf4 f5 30. e5 g5 31. Kf3 g4+ 32. Kg3 dxe5 33. fxe5 Kf7 34.
Kf4 Ne7 35. d6 Nc6 36. Kxf5 Nxb4 37. e6+ Ke8 38. Kxg4 Nc6 39. Kf5 Kf8 40. Kf6
h5 41. h4 Ke8 42. e7 Nd8 43. Nb6 Ne6 44. d7# 1-0

[Event "C.to Italiano U14"]
[Site "Merano - Meran ITA"]
[Date "2008.07.08"]
[Round "3"]
[White "Di Trapani, Davide"]
[Black "Spornberger, Maximilian"]
[Result "1/2-1/2"]
[WhiteElo "1748"]
[BlackElo "2020"]
[PlyCount "88"]
[EventDate "2008.07.06"]

1. e4 d5 2. exd5 Nf6 3. d4 Nxd5 4. Nf3 g6 5. Be2 Bg7 6. O-O O-O 7. c3 Nc6 8.
Na3 e5 9. dxe5 Nxe5 10. Nxe5 Bxe5 11. Bf3 Nb6 12. Qxd8 Rxd8 13. Be3 c6 14. Rfd1
Be6 15. g3 f6 16. Be2 Rxd1+ 17. Bxd1 Rd8 18. Bb3 Kf7 19. f4 Bc7 20. Bxe6+ Kxe6
21. Re1 Kf7 22. Nc2 Nc4 23. Bc5 Re8 24. Rxe8 Kxe8 25. b3 Bb6 26. Bf2 Bxf2+ 27.
Kxf2 Nd6 28. Ke3 c5 29. Ne1 Ke7 30. Nd3 b6 31. Nf2 Ke6 32. Ne4 Nb5 33. Kd3 h6
34. Kc4 Nc7 35. Kd3 Ne8 36. Ke3 f5 37. Nd2 Nf6 38. Kd3 Ng4 39. Nf3 Nf2+ 40. Kc4
Ne4 41. Ne5 Nd6+ 42. Kd3 g5 43. Nc6 gxf4 44. gxf4 a6 1/2-1/2

[Event "C.to Italiano U14"]
[Site "Merano - Meran ITA"]
[Date "2008.07.08"]
[Round "4"]
[White "Di Giorgio, Daniele"]
[Black "D'Urbino, Ilan"]
[Result "0-1"]
[WhiteElo "1611"]
[BlackElo "1476"]
[PlyCount "62"]
[EventDate "2008.07.06"]

1. e4 c5 2. Nf3 Nf6 3. Nc3 Nc6 4. d4 d5 5. exd5 Nxd5 6. Bc4 Nxc3 7. bxc3 e6 8.
O-O Bd6 9. d5 exd5 10. Qxd5 O-O 11. Ba3 Be6 12. Qd3 Re8 13. Rfd1 Bf8 14. Bxe6
Rxe6 15. Qc4 Qa5 16. Qb3 Rae8 17. Bb2 b5 18. c4 b4 19. a3 bxa3 20. Bxa3 Nd4 21.
Qd3 Nxf3+ 22. gxf3 Qc7 23. Qf5 Rg6+ 24. Kh1 Rh6 25. f4 Qb7+ 26. Qd5 Qc7 27. Bc1
Bd6 28. Qf3 Rf6 29. Bb2 Rxf4 30. Qg3 f6 31. Ra6 Qb7+ 0-1

[Event "C.to Italiano U14"]
[Site "Merano - Meran ITA"]
[Date "2008.07.08"]
[Round "4"]
[White "Marguerettaz, Davy"]
[Black "Quarto, Silvano"]
[Result "1-0"]
[WhiteElo "1987"]
[BlackElo "1803"]
[PlyCount "35"]
[EventDate "2008.07.06"]

1. d4 Nf6 2. c4 g6 3. Nc3 d5 4. Nf3 Bg7 5. Bg5 Ne4 6. cxd5 Nxc3 7. bxc3 Qxd5 8.
e3 Bg4 9. h3 Bxf3 10. Qxf3 Qa5 11. Qxb7 Qxc3+ 12. Ke2 Qc2+ 13. Kf3 Qf5+ 14. Bf4
O-O 15. Qxa8 g5 16. Qe4 Qf6 17. Bd3 Qg6 18. Bxc7 1-0

[Event "C.to Italiano U14"]
[Site "Merano - Meran ITA"]
[Date "2008.07.08"]
[Round "4"]
[White "Salvioli, Alessandro"]
[Black "Melone, Antonio"]
[Result "1/2-1/2"]
[WhiteElo "1849"]
[BlackElo "1718"]
[PlyCount "75"]
[EventDate "2008.07.06"]

1. e4 c6 2. d4 d5 3. Nc3 dxe4 4. Nxe4 Nd7 5. Nf3 e6 6. c3 Ngf6 7. Ng3 Bd6 8.
Bd3 Qc7 9. O-O b6 10. a4 Bb7 11. Re1 c5 12. Bd2 O-O-O 13. b4 c4 14. Bf1 h5 15.
Bg5 Rdg8 16. Qe2 Bd5 17. Ne5 h4 18. Nh1 Ne4 19. Bd2 Nxe5 20. dxe5 Bxe5 21. g3
hxg3 22. fxg3 Bxg3 23. Nxg3 Nxg3 24. Qe5 Qxe5 25. Rxe5 Nxf1 26. Rxf1 f6 27. Re2
Rh4 28. Be1 Rg4+ 29. Bg3 Rd8 30. b5 e5 31. a5 Be4 32. Ra1 bxa5 33. Kf2 Bd3 34.
Rea2 Kb7 35. Rxa5 Ra8 36. Ra6 Re4 37. b6 Rg4 38. bxa7 1/2-1/2

[Event "C.to Italiano U14"]
[Site "Merano - Meran ITA"]
[Date "2008.07.09"]
[Round "5"]
[White "Testa, Adriano"]
[Black "Marguerettaz, Davy"]
[Result "0-1"]
[WhiteElo "2080"]
[BlackElo "1987"]
[PlyCount "112"]
[EventDate "2008.07.06"]

1. e4 Nf6 2. d3 e5 3. Nf3 Nc6 4. c3 d5 5. Nbd2 Bc5 6. Be2 Be6 7. O-O a5 8. b3
d4 9. cxd4 Nxd4 10. Bb2 Nd7 11. Rc1 b6 12. Nxd4 Bxd4 13. Bxd4 exd4 14. f4 Nc5
15. Qe1 Bc8 16. Qg3 O-O 17. Nf3 Ba6 18. Rfd1 f5 19. e5 Ne6 20. Rc6 Qd7 21. Rc2
c5 22. Ne1 Bb7 23. Bf3 a4 24. Rb2 axb3 25. axb3 b5 26. Rc1 Bd5 27. h3 Rfc8 28.
Kh2 Ra3 29. Rcb1 Rca8 30. Nc2 R3a7 31. Be2 Nc7 32. Qf2 b4 33. g4 Nb5 34. Bf3
Nc3 35. Re1 Ra2 36. e6 Bxe6 37. Nxd4 Rxb2 38. Qxb2 Ra2 39. Qxa2 Nxa2 40. Nxe6
Qxd3 41. Ng5 Kf8 42. Nxh7+ Kf7 43. Ng5+ Kf8 44. Ne6+ Kg8 45. Ng5 Qd2+ 46. Re2
Qxf4+ 47. Kg2 Qxg5 48. Rxa2 f4 49. Ra8+ Kf7 50. Ra2 Kf6 51. Rd2 Qe5 52. Bd5 Qe3
53. Rf2 Qg3+ 54. Kf1 Qd3+ 55. Ke1 Qxd5 56. Rxf4+ Ke7 0-1

[Event "C.to Italiano U14"]
[Site "Merano - Meran ITA"]
[Date "2008.07.10"]
[Round "6"]
[White "Marguerettaz, Davy"]
[Black "Altini, Nicola"]
[Result "1/2-1/2"]
[WhiteElo "1987"]
[BlackElo "2007"]
[PlyCount "70"]
[EventDate "2008.07.06"]

1. d4 d5 2. c4 e6 3. Nc3 Nf6 4. Bg5 c6 5. cxd5 exd5 6. e3 Bf5 7. Qf3 Bg6 8.
Bxf6 Qxf6 9. Qxf6 gxf6 10. Nge2 Bd6 11. Ng3 h5 12. O-O-O h4 13. Nge2 Nd7 14.
Nf4 Bxf4 15. exf4 O-O-O 16. Bd3 Bxd3 17. Rxd3 Rdg8 18. Rg1 f5 19. Nd1 Nf6 20.
Ne3 Nh5 21. Nxf5 Nxf4 22. Re3 Rxg2 23. Rxg2 Nxg2 24. Re7 Rd8 25. Rxf7 Rd7 26.
Rf8+ Kc7 27. Kd2 Nf4 28. Ke3 Ng2+ 29. Kf3 Ne1+ 30. Ke2 Ng2 31. Rg8 Rf7 32. Rxg2
Rxf5 33. Rg4 Rh5 34. b4 Rh7 35. Kf3 Kb6 1/2-1/2

[Event "C.to Italiano U14"]
[Site "Merano - Meran ITA"]
[Date "2008.07.10"]
[Round "7"]
[White "Mennuti, Alberto"]
[Black "Guerriero, Antonello"]
[Result "1-0"]
[WhiteElo "1818"]
[BlackElo "1446"]
[PlyCount "65"]
[EventDate "2008.07.06"]

1. d4 Nf6 2. c4 g6 3. Nc3 Bg7 4. e4 d6 5. Nf3 c5 6. Be2 Nc6 7. d5 Na5 8. O-O
O-O 9. Ne1 b6 10. f4 h6 11. e5 Nd7 12. Nf3 h5 13. e6 Nf6 14. exf7+ Kxf7 15.
Ng5+ Kg8 16. Ne6 Bxe6 17. dxe6 Nh7 18. Bd3 Rf6 19. f5 g5 20. Qxh5 Rh6 21. Qf7+
Kh8 22. Nd5 Nc6 23. Be4 Rc8 24. g3 Bf8 25. b3 Bg7 26. h4 Bd4+ 27. Kg2 Bxa1 28.
Bxg5 Nxg5 29. hxg5 Rh7 30. Rh1 Rxh1 31. Kxh1 Qf8 32. Qh5+ Kg8 33. f6 1-0

[Event "C.to Italiano U14"]
[Site "Merano - Meran ITA"]
[Date "2008.07.10"]
[Round "7"]
[White "Paltrinieri, Nicholas"]
[Black "Marguerettaz, Davy"]
[Result "1/2-1/2"]
[WhiteElo "1910"]
[BlackElo "1987"]
[PlyCount "38"]
[EventDate "2008.07.06"]

1. d4 d5 2. Nf3 Nf6 3. e3 e6 4. Bd3 c5 5. c3 Nc6 6. Nbd2 Qc7 7. dxc5 Bxc5 8. e4
O-O 9. O-O h6 10. Re1 Ng4 11. Re2 Nce5 12. Nxe5 Nxe5 13. Bc2 b6 14. Nb3 Ng4 15.
g3 dxe4 16. Nxc5 bxc5 17. Bxe4 Bb7 18. Qc2 Rad8 19. Bf4 Qb6 1/2-1/2

[Event "C.to Italiano U14"]
[Site "Merano - Meran ITA"]
[Date "2008.07.10"]
[Round "7"]
[White "Spornberger, Maximilian"]
[Black "De Filomeno, Simone"]
[Result "1/2-1/2"]
[WhiteElo "2020"]
[BlackElo "2102"]
[PlyCount "44"]
[EventDate "2008.07.06"]

1. d4 Nf6 2. Bf4 g6 3. e3 Bg7 4. Nf3 O-O 5. h3 d6 6. Be2 Nfd7 7. O-O e5 8. Bh2
Nc6 9. c4 Kh8 10. Nc3 f5 11. a3 g5 12. d5 Ncb8 13. Nd2 a5 14. Rb1 Na6 15. b4
axb4 16. axb4 Qe7 17. Qc2 Nf6 18. Na4 b6 19. Rfc1 e4 20. Qb3 Bb7 21. Nc3 Nd7
22. Nb5 Rad8 1/2-1/2

[Event "C.to Italiano U14"]
[Site "Merano - Meran ITA"]
[Date "2008.07.11"]
[Round "8"]
[White "Davi, Alessandro"]
[Black "Spornberger, Maximilian"]
[Result "1-0"]
[WhiteElo "2009"]
[BlackElo "2020"]
[PlyCount "75"]
[EventDate "2008.07.06"]

1. d4 g6 2. c4 Bg7 3. Nc3 d6 4. e4 Nf6 5. Be2 O-O 6. Nf3 e5 7. O-O Nbd7 8. d5
Nc5 9. Nd2 a5 10. f3 Nh5 11. Rb1 f5 12. Nb3 Nxb3 13. Qxb3 f4 14. c5 dxc5 15.
d6+ Kh8 16. dxc7 Qxc7 17. Nd5 Qf7 18. Qb6 Be6 19. Bc4 Rfc8 20. b3 Nf6 21. Rd1
Nxd5 22. Bxd5 Bxd5 23. Rxd5 Rc6 24. Qb5 Qc7 25. Bb2 Rd8 26. Rbd1 Rxd5 27. exd5
Qd7 28. dxc6 Qxd1+ 29. Kf2 Qd2+ 30. Qe2 Qxe2+ 31. Kxe2 bxc6 32. Bc3 Kg8 33.
Bxa5 Kf7 34. Kd3 Ke6 35. Ke4 Kd6 36. Bc3 c4 37. bxc4 c5 38. a4 1-0

[Event "C.to Italiano U14"]
[Site "Merano - Meran ITA"]
[Date "2008.07.11"]
[Round "8"]
[White "De Filomeno, Simone"]
[Black "Marguerettaz, Davy"]
[Result "1-0"]
[WhiteElo "2102"]
[BlackElo "1987"]
[PlyCount "47"]
[EventDate "2008.07.06"]

1. e4 Nc6 2. d4 d6 3. Nc3 g6 4. d5 Nb8 5. f4 Bg7 6. Nf3 e5 7. fxe5 dxe5 8. Bc4
f5 9. d6 Qxd6 10. Qxd6 cxd6 11. Ng5 Nh6 12. Nb5 Na6 13. Nxd6+ Ke7 14. Nxc8+
Raxc8 15. b3 Nc5 16. Ba3 Kf6 17. h4 Ng4 18. O-O-O Nf2 19. Rd6+ Ke7 20. Re6+ Kd8
21. Rf1 Nfxe4 22. Rd1+ Nd7 23. Re7 Rxc4 24. Rdxd7+ 1-0

[Event "C.to Italiano U14"]
[Site "Merano - Meran ITA"]
[Date "2008.07.11"]
[Round "8"]
[White "Palazzotto, Roberto"]
[Black "De Luca, Fabio"]
[Result "1-0"]
[WhiteElo "1740"]
[BlackElo "1566"]
[PlyCount "55"]
[EventDate "2008.07.06"]

1. e4 c5 2. Nf3 d6 3. d4 cxd4 4. Nxd4 Nf6 5. Nc3 g6 6. Be3 Bg7 7. f3 O-O 8. Qd2
Nc6 9. O-O-O Bd7 10. g4 Rc8 11. h4 h5 12. gxh5 Nxh5 13. Rg1 a6 14. Nxc6 bxc6
15. Bh6 Qa5 16. Bxg7 Kxg7 17. Rg5 Qb6 18. Rxh5 gxh5 19. Qg5+ Kh7 20. Qxh5+ Kg7
21. Qg5+ Kh7 22. Bd3 Rg8 23. e5+ Rg6 24. h5 Rcg8 25. Qxe7 Qe3+ 26. Kb1 Qxf3 27.
hxg6+ Kg7 28. Rf1 1-0

[Event "C.to Italiano U14"]
[Site "Merano - Meran ITA"]
[Date "2008.07.12"]
[Round "9"]
[White "Davi, Alessandro"]
[Black "De Filomeno, Simone"]
[Result "0-1"]
[WhiteElo "2009"]
[BlackElo "2102"]
[PlyCount "78"]
[EventDate "2008.07.06"]

1. d4 Nf6 2. Nf3 g6 3. c4 Bg7 4. Nc3 O-O 5. e4 d6 6. Be2 Na6 7. O-O c6 8. Re1
e5 9. Rb1 Qe7 10. Bf1 Nd7 11. d5 c5 12. a3 h6 13. b4 f5 14. Nd2 f4 15. f3 Qh4
16. Nb3 g5 17. Rb2 Rf6 18. Qd2 g4 19. fxg4 Qxg4 20. Qf2 Rg6 21. Be2 Qg5 22. Na4
cxb4 23. axb4 Nf6 24. Nd2 Bh3 25. Bf3 Ng4 26. Bxg4 Qxg4 27. Nf3 Bxg2 28. Qxg2
Qh5 29. c5 Rxg2+ 30. Kxg2 Rc8 31. cxd6 Qg6+ 32. Kf1 Qxd6 33. Bd2 b5 34. Nc3
Nxb4 35. Ke2 Qc5 36. Reb1 Qc4+ 37. Kd1 a5 38. Rb3 Qf1+ 39. Ne1 f3 0-1

[Event "C.to Italiano U14"]
[Site "Merano - Meran ITA"]
[Date "2008.07.12"]
[Round "9"]
[White "Paltrinieri, Nicholas"]
[Black "Cinque, Antonio"]
[Result "1-0"]
[WhiteElo "1910"]
[BlackElo "1867"]
[PlyCount "137"]
[EventDate "2008.07.06"]

1. f4 e6 2. Nf3 d5 3. e3 Nf6 4. b3 c5 5. Bb2 Nc6 6. Bb5 Bd7 7. O-O Be7 8. Qe2
O-O 9. Bxc6 Bxc6 10. Ne5 Nd7 11. Nxc6 bxc6 12. c4 Bf6 13. Nc3 Kh8 14. Rad1 d4
15. Na4 Qe7 16. e4 e5 17. Ba3 exf4 18. Rxf4 Be5 19. Rf3 f6 20. d3 Bd6 21. Rh3
Kg8 22. Bc1 Nb6 23. Nxb6 axb6 24. Rf1 Rf7 25. Rf2 Be5 26. g4 Raf8 27. Rg2 Qd6
28. Qf2 Qe6 29. Qh4 g6 30. Bh6 Ra8 31. Bc1 Raf8 32. Rf3 Kh8 33. Bh6 Ra8 34. Qf2
Kg8 35. Bc1 Raf8 36. h4 Ra8 37. Bh6 Raa7 38. Kh1 Rae7 39. Rg1 Ra7 40. Qg2 Rae7
41. Rgf1 Ra7 42. Bc1 Rae7 43. g5 fxg5 44. Bxg5 Rxf3 45. Qxf3 Rf7 46. Qxf7+ Qxf7
47. Rxf7 Kxf7 48. Bd8 b5 49. a4 bxc4 50. bxc4 Ke8 51. Bb6 Bg3 52. a5 Kd7 53. a6
Kc8 54. Bxc5 Bxh4 55. Bxd4 Be7 56. Bb6 c5 57. d4 cxd4 58. Bxd4 Kc7 59. a7 Kb7
60. Bb6 Bd6 61. c5 Be5 62. Kg2 h5 63. c6+ Ka8 64. c7 Bxc7 65. Bxc7 Kxa7 66. Bd8
Kb7 67. Kf3 Kc6 68. e5 Kd7 69. Bh4 1-0

[Event "C.to Italiano U16"]
[Site "Merano - Meran ITA"]
[Date "2008.07.06"]
[Round "1"]
[White "Coladangelo, Andrea"]
[Black "Laviola, Francesco"]
[Result "1-0"]
[WhiteElo "1866"]
[BlackElo "1455"]
[PlyCount "75"]
[EventDate "2008.07.06"]

1. e4 e5 2. Nf3 Nc6 3. d4 exd4 4. Nxd4 Bc5 5. Nxc6 Qf6 6. Qd2 Qxc6 7. Nc3 Nf6
8. Bd3 O-O 9. O-O Bb4 10. Re1 d5 11. exd5 Nxd5 12. Be4 Bxc3 13. bxc3 Be6 14.
Bb2 Qc4 15. Qg5 c6 16. Rad1 h6 17. Qg3 Nf6 18. Rd4 Nxe4 19. Rdxe4 Qxa2 20. Bc1
Kh7 21. R4e2 Rad8 22. Qf3 Qd5 23. Qg3 a5 24. f4 Qf5 25. Qf2 Qb5 26. h3 Rd7 27.
g4 Rfd8 28. f5 Bc4 29. Re4 Rd1 30. f6 g6 31. Kh2 a4 32. Bxh6 Kxh6 33. Qh4+ Qh5
34. gxh5 R8d2+ 35. Kg3 Bd5 36. hxg6+ Kxg6 37. Rg4+ Kf5 38. Qg5# 1-0

[Event "C.to Italiano U16"]
[Site "Merano - Meran ITA"]
[Date "2008.07.06"]
[Round "1"]
[White "Dappiano, Andrea"]
[Black "Canocchi, Alberto"]
[Result "1-0"]
[WhiteElo "1889"]
[BlackElo "1470"]
[PlyCount "120"]
[EventDate "2008.07.06"]

1. c4 Nf6 2. Nc3 d6 3. g3 Nc6 4. Bg2 g6 5. e4 e5 6. Nge2 Bg7 7. O-O O-O 8. d3
Bg4 9. h3 Be6 10. Nd5 Qc8 11. Bg5 Nd7 12. Nec3 h6 13. Be3 a6 14. f4 exf4 15.
gxf4 Kh7 16. f5 Bxd5 17. Nxd5 Nce5 18. f6 Bh8 19. Bxh6 Kxh6 20. Qd2+ Kh7 21.
Qg5 Bxf6 22. Nxf6+ Nxf6 23. Rxf6 Qd8 24. Raf1 Kg7 25. h4 Nd7 26. R6f2 Qxg5 27.
hxg5 Ne5 28. d4 Nxc4 29. Rc1 b5 30. b3 Nb6 31. Rxc7 Rac8 32. Rb7 Rc1+ 33. Kh2
Nc8 34. Bh3 d5 35. e5 Rc6 36. Bxc8 Rcxc8 37. e6 Rh8+ 38. Kg2 Rh5 39. Rfxf7+ Kg8
40. Rg7+ Kh8 41. Rxg6 Rc2+ 42. Kg3 Rc3+ 43. Kg4 Rh1 44. Rh6+ Rxh6 45. gxh6 Re3
46. e7 Kg8 47. h7+ Kh8 48. Rb8+ Kxh7 49. e8=Q Rxe8 50. Rxe8 Kg6 51. Re6+ Kf7
52. Kf5 a5 53. Ra6 Ke7 54. Ke5 Kf7 55. Rb6 b4 56. Ra6 a4 57. Rb6 axb3 58. axb3
Ke7 59. Rb7+ Kf8 60. Ke6 Kg8 1-0

[Event "C.to Italiano U16"]
[Site "Merano - Meran ITA"]
[Date "2008.07.06"]
[Round "1"]
[White "Fiorentini, Paolo"]
[Black "Gant, Francesco"]
[Result "1-0"]
[WhiteElo "1946"]
[BlackElo "1491"]
[PlyCount "189"]
[EventDate "2008.07.06"]

1. d4 e6 2. c4 d5 3. Nc3 Nf6 4. Nf3 Bb4 5. Bg5 Nbd7 6. e3 c6 7. Bd3 Qa5 8. O-O
Bxc3 9. bxc3 Qxc3 10. Rc1 Qa5 11. Qc2 h6 12. Bh4 Qc7 13. Bg3 Qd8 14. c5 O-O 15.
Bd6 Re8 16. Ne5 Nxe5 17. dxe5 Nd7 18. f4 b6 19. cxb6 Qxb6 20. Rf3 Ba6 21. Bh7+
Kh8 22. Rb1 Qd8 23. f5 Nf8 24. Bxf8 Rxf8 25. f6 Qc7 26. fxg7+ Kxg7 27. Rg3+ Kh8
28. Bd3 Bxd3 29. Qxd3 Qxe5 30. Rh3 Kg7 31. Rb4 Qa1+ 32. Rb1 Qe5 33. Rb4 Qa1+
34. Kf2 Qf6+ 35. Rf4 Qb2+ 36. Kf3 Rg8 37. Rg4+ Kf8 38. Rxg8+ Kxg8 39. Rxh6 Kf8
40. a4 Ke7 41. Qa6 Qb6 42. Qd3 Qb4 43. Qa6 Kd6 44. g3 Qe4+ 45. Ke2 Qc2+ 46. Kf3
Qd1+ 47. Kf2 Qd2+ 48. Kf3 d4 49. Rh4 dxe3 50. Qe2 Qxe2+ 51. Kxe2 c5 52. Kxe3
Rc8 53. Rh7 Rc7 54. Kd3 c4+ 55. Kc3 e5 56. Rh4 Kd5 57. Rh5 Rb7 58. Rh7 e4 59.
Rh5+ f5 60. Rxf5+ Ke6 61. Rf4 Ke5 62. Kxc4 Rh7 63. Rf2 e3 64. Rf8 Ke4 65. Rf4+
Ke5 66. Kd3 Rxh2 67. Kxe3 Rh1 68. Rb4 Re1+ 69. Kf2 Ra1 70. g4 Kf6 71. Rc4 Kg5
72. Rb4 Ra2+ 73. Ke3 Ra1 74. Rb5+ Kg6 75. Ra5 Ra3+ 76. Kf4 Ra1 77. Ra6+ Kg7 78.
Kg5 Rc1 79. Rxa7+ Kf8 80. a5 Rc5+ 81. Kf6 Rc6+ 82. Kg5 Rc5+ 83. Kh6 Rc6+ 84.
Kh5 Rc5+ 85. g5 Kg8 86. Kh6 Rc2 87. Ra8+ Kf7 88. g6+ Kf6 89. Rf8+ Ke7 90. Rf7+
Ke6 91. Kg7 Kd6 92. a6 Ra2 93. a7 Kc6 94. Kf8 Kb6 95. g7 1-0

[Event "C.to Italiano U16"]
[Site "Merano - Meran ITA"]
[Date "2008.07.06"]
[Round "1"]
[White "Marconi, Gabriele"]
[Black "Fiducioso, Marco"]
[Result "1/2-1/2"]
[WhiteElo "1518"]
[BlackElo "2103"]
[PlyCount "44"]
[EventDate "2008.07.06"]

1. d4 d5 2. e3 Nf6 3. Nf3 c6 4. c4 e6 5. Nbd2 Nbd7 6. b3 Bd6 7. Bd3 e5 8. Bc2
e4 9. Nh4 g6 10. Bb2 O-O 11. O-O Re8 12. f3 h5 13. fxe4 dxe4 14. Qe1 Ng4 15. h3
Ngf6 16. Qf2 Qc7 17. Nf5 Bb4 18. Nxe4 gxf5 19. Qxf5 Rxe4 20. Bxe4 Qg3 21. Rf3
Qh4 22. Rf4 Qg3 1/2-1/2

[Event "C.to Italiano U16"]
[Site "Merano - Meran ITA"]
[Date "2008.07.06"]
[Round "1"]
[White "Pacini, Giulio"]
[Black "Pomaro, Alberto"]
[Result "0-1"]
[WhiteElo "1524"]
[BlackElo "2246"]
[PlyCount "92"]
[EventDate "2008.07.06"]

1. e4 c5 2. Nc3 Nc6 3. g3 g6 4. Bg2 Bg7 5. d3 e6 6. Be3 d6 7. Qd2 Nd4 8. Nf3
Ne7 9. Rb1 O-O 10. Ne2 Nxe2 11. Qxe2 Qa5+ 12. Qd2 Qxa2 13. Qc1 Qa5+ 14. Ke2 Nc6
15. Bh6 d5 16. Bxg7 Kxg7 17. e5 f6 18. exf6+ Rxf6 19. Re1 Bd7 20. Qg5 Raf8 21.
g4 Rxf3 22. Bxf3 Nd4+ 23. Kf1 Nxf3 24. Qe3 Nxe1 25. Rxe1 Qc7 26. h4 b6 27. h5
d4 28. Qg5 Qf4 29. h6+ Kg8 30. Qxf4 Rxf4 31. Re4 Rxe4 32. dxe4 g5 33. Ke2 e5
34. f3 c4 35. b3 cxb3 36. cxb3 a5 37. Kd2 Kf7 38. Kc2 Kg6 39. Kd2 Kxh6 40. Kc2
Kg6 41. Kd2 b5 42. Kc2 Be6 43. Kb2 a4 44. bxa4 bxa4 45. Ka3 d3 46. Kb2 a3+ 0-1

[Event "C.to Italiano U16"]
[Site "Merano - Meran ITA"]
[Date "2008.07.06"]
[Round "1"]
[White "Simongini, Giacomo"]
[Black "Rombaldoni, Axel"]
[Result "0-1"]
[WhiteElo "1533"]
[BlackElo "2374"]
[PlyCount "68"]
[EventDate "2008.07.06"]

1. e4 c5 2. Nf3 Nc6 3. d4 cxd4 4. Nxd4 e5 5. Nxc6 bxc6 6. Nc3 Nf6 7. Bc4 Bb4 8.
Qf3 d5 9. exd5 cxd5 10. Bb5+ Bd7 11. Bxd7+ Qxd7 12. O-O O-O 13. a3 Bxc3 14.
Qxc3 Rfe8 15. Re1 Rac8 16. Qb3 Rc4 17. Be3 Qc7 18. c3 h6 19. Rad1 Rb8 20. Qa2
a5 21. f3 a4 22. Bf2 d4 23. cxd4 Rc2 24. Bg3 Rbxb2 25. Qa1 Rxg2+ 26. Kh1 Qc2
27. Qxb2 Qxb2 28. Bxe5 Qf2 29. Rf1 Rg1+ 30. Rxg1 Qxf3+ 31. Rg2 Qxd1+ 32. Rg1
Qf3+ 33. Rg2 Ng4 34. Kg1 Qd1# 0-1

[Event "C.to Italiano U16"]
[Site "Merano - Meran ITA"]
[Date "2008.07.06"]
[Round "1"]
[White "Stella, Andrea"]
[Black "Marturana, Daniele"]
[Result "1-0"]
[WhiteElo "2209"]
[BlackElo "1521"]
[PlyCount "67"]
[EventDate "2008.07.06"]

1. d4 Nf6 2. c4 g6 3. Nc3 Bg7 4. e4 O-O 5. Nf3 d6 6. Be2 Nbd7 7. O-O e5 8. Be3
Ng4 9. Bg5 Ngf6 10. dxe5 dxe5 11. Qd2 Qe8 12. Rfd1 Nc5 13. Bxf6 Bxf6 14. Nd5
Qd8 15. Qe3 Nd7 16. Nxf6+ Qxf6 17. Qc3 Re8 18. Rd5 c6 19. Rd2 Qf4 20. Rad1 Qxe4
21. Bf1 Qf4 22. Rxd7 Bxd7 23. Rxd7 b6 24. c5 Qf5 25. Rd6 e4 26. Nd4 Qxc5 27.
Qxc5 bxc5 28. Nxc6 Rec8 29. Ne7+ Kf8 30. Nxc8 Rxc8 31. Rd7 Re8 32. Rxa7 e3 33.
Bc4 f5 34. Rxh7 1-0

[Event "C.to Italiano U16"]
[Site "Merano - Meran ITA"]
[Date "2008.07.06"]
[Round "1"]
[White "Stips, Felix"]
[Black "Ciano, Alessandro"]
[Result "1/2-1/2"]
[WhiteElo "2061"]
[BlackElo "1512"]
[PlyCount "77"]
[EventDate "2008.07.06"]

1. e4 e5 2. Nf3 Nc6 3. Bb5 f6 4. d4 d6 5. c3 a6 6. Bc4 Nge7 7. dxe5 Nxe5 8.
Nxe5 fxe5 9. Qf3 Qd7 10. Qf7+ Kd8 11. O-O b5 12. Bb3 Bb7 13. Nd2 c6 14. a4 d5
15. axb5 axb5 16. Rxa8+ Bxa8 17. f4 Ng6 18. Qxd7+ Kxd7 19. fxe5 Nxe5 20. exd5
cxd5 21. Nf3 Nxf3+ 22. Rxf3 Bc5+ 23. Kf1 d4 24. Rf7+ Ke8 25. Rxg7 Rf8+ 26. Ke1
d3 27. Bh6 Rf2 28. Rg8+ Kd7 29. Rxa8 Rxb2 30. Bd5 b4 31. c4 b3 32. Ra1 Bd4 33.
Rd1 Re2+ 34. Kf1 Rf2+ 35. Ke1 b2 36. Bf3 Kd6 37. Bf8+ Kc7 38. Bh6 Kb6 39. Bd2
1/2-1/2

[Event "C.to Italiano U16"]
[Site "Merano - Meran ITA"]
[Date "2008.07.06"]
[Round "1"]
[White "Valsecchi, Alessio"]
[Black "Biagini, Leonardo"]
[Result "1/2-1/2"]
[WhiteElo "2298"]
[BlackElo "1530"]
[PlyCount "71"]
[EventDate "2008.07.06"]

1. Nf3 Nf6 2. d4 d5 3. c4 e6 4. Nc3 Be7 5. Bg5 h6 6. Bxf6 Bxf6 7. e3 O-O 8.
cxd5 exd5 9. Bd3 Bg4 10. h3 Bxf3 11. Qxf3 c6 12. O-O g6 13. Rfc1 a5 14. Na4 Nd7
15. a3 Kg7 16. b4 axb4 17. axb4 b5 18. Nc3 Rxa1 19. Rxa1 Be7 20. Ra7 Nb6 21.
Qg3 Qd6 22. f4 Ra8 23. Rxa8 Nxa8 24. Ne2 Qc7 25. Qe1 Qd6 26. f5 Qxb4 27. Qg3
Bd6 28. Nf4 Bxf4 29. Qxf4 Qe7 30. fxg6 fxg6 31. Qg3 Qg5 32. Qf2 Nc7 33. h4 Qf6
34. Qg3 Ne8 35. h5 Qg5 36. Qh3 1/2-1/2

[Event "C.to Italiano U16"]
[Site "Merano - Meran ITA"]
[Date "2008.07.06"]
[Round "1"]
[White "Visani, Giorgio"]
[Black "Forato, Enrico"]
[Result "0-1"]
[WhiteElo "1512"]
[BlackElo "2059"]
[PlyCount "32"]
[EventDate "2008.07.06"]

1. e4 c5 2. d4 cxd4 3. c3 Nc6 4. Nf3 d5 5. exd5 Qxd5 6. Be3 Bg4 7. Be2 e5 8.
O-O O-O-O 9. cxd4 exd4 10. h3 Bh5 11. g4 Bg6 12. Bf4 d3 13. Nc3 dxe2 14. Nxd5
exd1=Q 15. Rfxd1 Be4 16. Ng5 Bxd5 0-1

[Event "C.to Italiano U16"]
[Site "Merano - Meran ITA"]
[Date "2008.07.07"]
[Round "2"]
[White "Biagini, Leonardo"]
[Black "Stips, Felix"]
[Result "0-1"]
[WhiteElo "1530"]
[BlackElo "2061"]
[PlyCount "64"]
[EventDate "2008.07.06"]

1. e4 d5 2. exd5 Qxd5 3. Nc3 Qd6 4. Bc4 Nf6 5. d3 g6 6. Nf3 Bg7 7. Bd2 O-O 8.
O-O a6 9. h3 Be6 10. Bxe6 Qxe6 11. Re1 Qd6 12. Bg5 Nc6 13. Qd2 Rfe8 14. Bf4 e5
15. Bh2 Rad8 16. Rad1 Nd5 17. d4 Nxc3 18. Qxc3 Nxd4 19. Nxd4 exd4 20. Rxe8+
Rxe8 21. Qa5 Be5 22. Bxe5 Rxe5 23. Qd2 c5 24. Re1 Kg7 25. Rxe5 Qxe5 26. Kf1 c4
27. Qb4 b5 28. a4 h5 29. axb5 Qxb5 30. Qd6 c3+ 31. Kg1 cxb2 32. Qxd4+ Kh7 0-1